000 00697nam a2200253Ia 4500
003 OSt
005 20221005133642.0
006 a|||||r|||| 00| 0
007 ta
008 221004b |||||||| |||| 00| 0 hin d
024 _a107465
037 _cTextual
040 _aCRL
_cCRL
_bhin
041 _2hin
_ahin
082 _aO15:gxE55,2:g, 152K3
100 _aभोज
245 0 _aश्रृगांर - प्रकाश
246 _aShrṛugāanra - prakāsha
260 _c1963
300 _a278पृ0
_ccm.
650 _aसंस्कृत साहित्य
942 _hO15:gxE55,2:g, 152K3
_cTEXL
_2cc
999 _c1067444
_d1067444